1430 1759 1392 1049 1640 1008 1401 1107 1487 1154 1100 1120 1091 1742 1517 1790 1457 1089 1516 1684 1535 1041 1522 1633 1727 1035 1776 1324 1065 1251 1428 1529 1591 1734 1757 1261 1108 1228 1452 1641 1649 1006 1832 1291 1396 1479 1585 1710 1627 1281 1860 1677 1846 1600 1767 1477 1917 1841 1814 1645 1676 1034 1132 1436 1187 1143 1260 1016 1725 1404 1858 1908 1365 1523 1881 1389 1292 1817 1168 1183 1970 1403 1146 1335 1036 1362 1620 1668 1018 1163 1359 1455 1978 1075 1524 1502 1586 1722 1325 BCNSPRNW ULIB Ver.6.0+V

เปลี่ยนเป็นภาษาไทย

Change to English
 แสดงรายละเอียดบรรณานุกรม
  กลับหน้าหลัก

Brief Record : Get Marc (ISO 2709) : E-mail record : QR code < ปิดหน้าต่าง
LEADER : 00000nam 2200000uu 4500
001    13399113725
003     ULIB
008    111220s2546||||th 000 0 tha d
020    ^a9749626982
060 04 ^aWA380^bป111บ 2546
245 00 ^aบริการสาธารณสุขกับการแสวงหากำไรเชิงธุรกิจ /^cสำนักงานปฎิรูประบบสุขภาพแห่งชาติ ; บรรณาธิการ, ปิติพร จันทรทัต ณ อยุธยา, วณี ปิ่นประทีป
250    ^aพิมพ์ครั้งที่ 1
260    ^aนนทบุรี :^bสำนักงาน,^c2546
300    ^a[6], 128 หน้า ;^c21 ซม.
650  7 ^aบริการทางการแพทย์
650  7 ^aพระราชบัญญัติสุขภาพแห่งชาติ
700 0  ^aปิติพร จันทรทัต ณ อยุธยา,^eบรรณาธิการ
700 0  ^aวณี ปิ่นประทีป,^eบรรณาธิการ
710 2  ^aสำนักงานปฏิรูประบบสุขภาพแห่งชาติ
945    ^p0^l0^i12432
945    ^p0^l0^i12282
995    ^aกัณชพร
999 ^a ใช้งานได้ทุกระบบ
รายการนี้ยังไม่มีแท็ก
คุณยังไม่ได้ล็อกอิน คุณสามารถมีกิจกรรมร่วมกับเว็บไซต์ได้ แต่ต้องล็อกอินก่อน ::
  ล็อกอิน

รายการสื่อสารสนเทศ

ลำดับที่ ประเภท เลขเรียก/บาร์โค้ด สถานที่ สถานะ
- ไม่พบข้อมูล -

รายการใกล้เคียง
    หัวเรื่อง [บริการทางการแพทย์]
    หัวเรื่อง [พระราชบัญญัติสุขภาพแห่งชาติ]

BibComment


ยังไม่เคยถูกคอมเมนท์

คอมเมนท์ทรัพยากรรายการนี้
  คอมเมนท์: บริการสาธารณสุขก..


 Copyright 2026. Bcnsprnw @Library